| 000 | 00515nam a22001697a 4500 | ||
|---|---|---|---|
| 003 | NUST - PNEC | ||
| 005 | 20170116180907.0 | ||
| 008 | 150902b xxu||||| |||| 00| 0 eng d | ||
| 020 | _a0870062603 | ||
| 040 | _cLIBRARY | ||
| 082 | _a600 BRO | ||
| 100 |
_96714 _aBrown, Walter C. |
||
| 245 |
_aModern general shop : four complete general shop books combined in one volume. _cWalter C. Brown |
||
| 260 | _cc.1978 | ||
| 650 |
_96719 _aIndustrial Art, Mechanical Drawing, Electronic. _xME, EE, EL. |
||
| 942 |
_2ddc _cBK |
||
| 999 |
_c65123 _d65123 |
||